Statistics for Guitarist by Albums

Click here to take the quiz!

General Stats

  • This quiz has been taken 408 times
  • The average score is 6 of 18

Answer Stats

Album (CD)Lead Guitarist% Correct
High VoltageAngus Young
72%
Blizzard of OzRandy Rhoads
72%
Texas FloodStevie Ray Vaughn
62%
Surfing with the AlienJoeSatriani
60%
Fair WarningEddie Van Halen
43%
Too Fast For LoveMick Mars
34%
Eat 'Em and SmileSteve Vai
34%
Far Beyond DrivenDimebag Darrell
33%
Rising ForceYngwie J Malmsteen
33%
Look What the Cat Dragged InC.C. Deville
25%
Lies Lies LiesSlash
24%
No Rest for the WickedZakk Wylde
21%
Breaking the ChainsGeorge Lynch
15%
Out of the CellarWarren DiMartini
14%
Love at First StingMathias Jabs
11%
PrideVito Bratta
8%
Street LethalPaul Gilbert
7%
Seven WorldsEric Johnson
3%

Score Distribution

Percentile by Number Answered

Percent of People with Each Score

Your Score History

You have not taken this quiz